| 000 | 00983cam a22002054a 4500 | ||
|---|---|---|---|
| 005 | 20250605163930.0 | ||
| 008 | 250528s ||||||||||||||||||||||||d | ||
| 035 | _a14659 | ||
| 020 | _a41513532 | ||
| 040 |
_aGR-AtMCL _bgre _dGR-AtMCL _eAACR2 |
||
| 245 | 1 | _aTeaching and Learning in the Early Years | |
| 250 | _a1st | ||
| 260 |
_bRouledge, _c1996 |
||
| 300 | _a358 | ||
| 520 | _aThis book provides a broad-ranging and up-to-date review of current thinking and best practice within nursery and infant education. Contributors, Preface, Acknowledgements, Introduction: Young Children Learning and Early Years Teaching, Basic Principles and Approaches, Spinning the Plates: Organizing the Early Years Classroom, Play and Language, The Wider Curriculum, In Search of the Elephant's Child: Early Years Science, The Way Forward, Whatever Next? Future Trends in Early Years Education, Index. | ||
| 700 | 1 |
_aWhitebread David _9399 |
|
| 942 | _cBK | ||
| 999 |
_c283 _d283 |
||